[Event "CHN-ch U20"]
[Site "Shanghai"]
[Date "2024.02.17"]
[Round "4"]
[White "Yang, Zixiao"]
[Black "Gao, Mingze"]
[Result "0-1"]
[WhiteElo "1527"]
[BlackElo "2104"]
[PlyCount "64"]
[EventDate "2024.02.16"]
[EventType "swiss"]
[EventRounds "11"]
[EventCountry "CHN"]
[SourceTitle "CB09_2024"]
[SourceDate "2024.02.28"]
[SourceVersion "1"]
[SourceVersionDate "2024.02.28"]
[SourceQuality "1"]

1. d4 Nf6 2. c4 g6 3. g3 Bg7 4. Bg2 0-0 5. Nf3 c5 6. e3 d5 7. cxd5 cxd4 8. Nxd4 Nxd5 9. Nb3 Nb4 10. Nc3 Qxd1+ 11. Kxd1 N8c6 12. a3 Nd3 13. Ke2 Be6 14. Nd2 Rfd8 15. Rb1 Rac8 16. Be4 Nc5 17. Bg2 Ne5 18. e4 Nb3 19. Nd5 Nd4+ 20. Kd1 Bg4+ 21. f3 Ndxf3 22. Nxf3 Bxf3+ 23. Bxf3 Nxf3 24. Be3 e6 25. Ke2 exd5 26. Kxf3 dxe4+ 27. Kxe4 Re8+ 28. Kf3 b6 29. Rhd1 Rc2 30. Rd7 a6 31. b3 Rc3 32. Re1 Bh6 0-1

[Event "CHN-chT"]
[Site "Hangzhou"]
[Date "2018.06.19"]
[Round "1.2"]
[White "Yuan, Qingyu"]
[Black "Gao, Mingze"]
[Result "1/2-1/2"]
[WhiteElo "2393"]
[BlackElo "1933"]
[PlyCount "69"]
[EventDate "2018.06.19"]
[EventType "team-swiss"]
[EventRounds "9"]
[EventCountry "CHN"]
[SourceTitle "CBM 185 Extra"]
[Source "ChessBase"]
[SourceDate "2018.07.29"]
[SourceVersion "1"]
[SourceVersionDate "2018.07.29"]
[SourceQuality "1"]
[WhiteTeam "Beijing Beiao"]
[BlackTeam "Hebei"]
[WhiteTeamCountry "CHN"]
[BlackTeamCountry "CHN"]

1. Nf3 Nf6 2. c4 c5 3. Nc3 g6 4. g3 Bg7 5. Bg2 Nc6 6. d4 cxd4 7. Nxd4 0-0 8. 0-0 Qa5 9. e3 d6 10. Nxc6 bxc6 11. Bxc6 Rb8 12. Bg2 Be6 13. Nd5 Nxd5 14. cxd5 Bd7 15. Bd2 Qa6 16. Bc3 Bxc3 17. bxc3 Rb2 18. a4 Rc8 19. Ra3 Qb6 20. Qd3 Qc5 21. Rfa1 Rcb8 22. h4 R8b3 23. Rxb3 Rxb3 24. a5 Rxc3 25. Qe4 e5 26. dxe6 Bxe6 27. Bf3 Rc1+ 28. Rxc1 Qxc1+ 29. Kg2 Qc5 30. Qa4 Bc4 31. Qa1 h5 32. Kg1 Ba6 33. Qa2 Bc4 34. Qd2 Be6 35. Kg2 1/2-1/2

[Event "CHN-chTB"]
[Site "Qinhuangdao"]
[Date "2017.07.14"]
[Round "10.4"]
[White "Gao, Mingze"]
[Black "Zuo, Yifan"]
[Result "0-1"]
[WhiteElo "1813"]
[BlackElo "2115"]
[PlyCount "92"]
[EventDate "2017.07.10"]
[EventType "team-tourn"]
[EventRounds "11"]
[EventCountry "CHN"]
[SourceTitle "EXT 2018"]
[Source "ChessBase"]
[SourceDate "2017.10.13"]
[SourceVersion "1"]
[SourceVersionDate "2017.10.13"]
[SourceQuality "1"]
[WhiteTeam "Hebei Ticai"]
[BlackTeam "Shenzhen Qiyuan"]
[WhiteTeamCountry "CHN"]
[BlackTeamCountry "CHN"]

1. e4 c5 2. Nf3 Nc6 3. d4 cxd4 4. Nxd4 g6 5. Nc3 Bg7 6. Be3 Nf6 7. Bc4 0-0 8. Bb3 d6 9. f3 Bd7 10. Qd2 Rc8 11. 0-0-0 Ne5 12. Kb1 Re8 13. h4 h5 14. g4 hxg4 15. h5 Nxh5 16. Rdg1 Qa5 17. Bh6 Rc5 18. Rxh5 Nxf3 19. Qf4 Nd2+ 20. Kc1 Nxb3+ 21. Nxb3 Rxh5 22. Bxg7 Qg5 23. Qxg5 Rxg5 24. Bd4 b6 25. Nd5 Bc6 26. c4 Bxd5 27. cxd5 f5 28. Nd2 e5 29. dxe6 Rxe6 30. exf5 gxf5 31. Kc2 Rh5 32. Rg2 Kf7 33. Nc4 Rh3 34. Bc3 Kg6 35. Nd2 Kg5 36. Nf1 f4 37. Nd2 f3 38. Rf2 Re2 39. Rf1 d5 40. Kd1 Rhh2 41. Nb3 Rhf2 42. Rg1 Kf4 43. Bd2+ Rxd2+ 44. Nxd2 Rxd2+ 45. Kxd2 f2 46. Rf1 Kf3 0-1

[Event "CHN-chTB"]
[Site "Qinhuangdao"]
[Date "2017.07.12"]
[Round "5.4"]
[White "Gao, Mingze"]
[Black "Fan, Zhecheng"]
[Result "1-0"]
[WhiteElo "1813"]
[BlackElo "1920"]
[PlyCount "63"]
[EventDate "2017.07.10"]
[EventType "team-tourn"]
[EventRounds "11"]
[EventCountry "CHN"]
[SourceTitle "EXT 2018"]
[Source "ChessBase"]
[SourceDate "2017.10.13"]
[SourceVersion "1"]
[SourceVersionDate "2017.10.13"]
[SourceQuality "1"]
[WhiteTeam "Hebei Ticai"]
[BlackTeam "Zhejiang Non Olympic"]
[WhiteTeamCountry "CHN"]
[BlackTeamCountry "CHN"]

1. c4 Nf6 2. Nc3 e6 3. Nf3 d5 4. d4 c5 5. cxd5 Nxd5 6. e4 Nxc3 7. bxc3 cxd4 8. cxd4 Bb4+ 9. Bd2 Bxd2+ 10. Qxd2 0-0 11. Bc4 Nd7 12. 0-0 Nf6 13. Rfe1 b6 14. Rad1 Bb7 15. Bd3 Rc8 16. Qf4 Rc3 17. d5 exd5 18. e5 Qc7 19. Qh4 Ne4 20. e6 f6 21. Bxe4 dxe4 22. Rd7 Qc5 23. Qg4 g6 24. Qh4 Qh5 25. e7 Re8 26. Rd8 Rc8 27. Rxc8 Rxc8 28. Qxf6 Qf5 29. Qxf5 gxf5 30. Nd4 Kf7 31. Nxf5 Ke6 32. e8Q+ 1-0